000 00801nam a22003010a 4500
001 PT55627
003 AR-LpoUNG
005 20210131231714.0
008 191001s2014||||ag |||||||||||||||||spa d
020 _a9789872965686
_c$74
040 _aAR-LpoUNG
_bspa
_cAR-LpoUNG
_eaacr
041 _aspa
044 _aag
082 0 _aA863 958lla
100 1 _aAvila, María Cristina
245 1 0 _aSe llamaba Juan, simplemente Juan :
_brelatos
250 _a1ra. ed.
260 _aLos Polvorines :
_bLoquevendrá,
_c2014.
300 _a160 p. :
_bil., fot. + 2 Cd-Rom
650 4 _aARGENTINA
650 4 _aCUENTOS
650 4 _aLITERATURA
651 4 _aDOCUMENTOS TEORICOS O METODOLOGICOS
653 _aAUTORES LOCALES
653 _aLITERATURA ARGENTINA
905 _a55627
942 _cLSALA
999 _c11524
_d11524